Statistieken voor Top 20 Landen met de Kortste Mensen

Klik hier om de quiz te nemen!

Algemene statistieken

  • Deze quiz is 98 keer genomen
  • De gemiddelde score is 9 van 20

Antwoordstatistieken

ManVrouwLand% Correct
164.9 (5′5)152.6 (5′0)India
80%
163.6 (5′4)152.8 (5′0)Indonesië
75%
162.3 (5′4)150.9 (5′0)Nepal
69%
163.8 (5′5)150.8 (5′0)Bangladesh
65%
163.3 (5′4)152.9 (5′0)Cambodja
65%
160.5 (5′3)151.3 (5′0)Laos
65%
164.4 (5′5)153.6 (5′1)Vietnam
64%
163.2 (5′4)149.6 (5′0)Filipijnen
60%
165.3 (5′5)153.6 (5′1)Bhutan
55%
163.6 (5′4)154.9 (5′1)Papoea-Nieuw-Guinea
43%
159.8 (5′3)151.2 (5′0)Oost-Timor
41%
165.2 (5′5)152.9 (5′0)Peru
35%
159.9 (5′3)154.0 (5′1)Jemen
24%
164.1 (5′5)154.4 (5′1)Salomonseilanden
23%
162.8 (5′4)151.3 (5′0)Marshalleilanden
21%
161.5 (5′4)151.2 (5′0)Madagaskar
18%
162.7 (5′4)154.8 (5′1)Rwanda
16%
163.4 (5′4)149.4 (5′0)Guatemala
14%
162.2 (5′4)154.4 (5′1)Malawi
14%
164.8 (5′5)154.0 (5′1)Mozambique
8%

Scoreverdeling

Percentiel versus Aantal Correcte Antwoorden

Procent van Mensen met Elke Score

Uw Scoregeschiedenis

U heeft deze quiz nog niet genomen